000 00453nam a2200193I 4500
999 _c1939
_d1939
001 3705476
003 OSt
005 20180921191445.0
008 780311s1954 xx 000 0 eng d
040 _aSDN
_cSDN
_dCDC
082 _a234.2
_bK23f
092 _a248
_bK23
100 1 _aKazee, Buell H
245 1 0 _aFaith is the victory
260 _aGrand Rapids,
_bEerdmans,
_cc1951
300 _a181p:
_c20cm
650 0 _aChristian life
942 _2ddc
_cBK